I kissed a frog / (Record no. 78794)

MARC details
000 -LEADER
fixed length control field 00476nam a22001817a 4500
005 - DATE AND TIME OF LATEST TRANSACTION
control field 20130903145447.0
010 ## - LCCN (DPL NO)
LC control number ENG-108364
020 ## - INTERNATIONAL STANDARD BOOK NUMBER
Terms of availability 250.00
International Standard Book Number 9789382616054
035 ## - SYSTEM CONTROL NUMBER
System control number EN-91897
037 ## - SOURCE OF ACQUISITION
Source of stock number/acquisition DBAD/PUB
082 ## - DEWEY DECIMAL CLASSIFICATION NUMBER
Classification number S
100 ## - MAIN ENTRY--PERSONAL NAME
Personal name Rupa Gulab
245 ## - TITLE STATEMENT
Title I kissed a frog /
Statement of responsibility, etc by Rupa Gulab
260 ## - PUBLICATION, DISTRIBUTION, ETC. (IMPRINT)
Place of publication, distribution, etc Gurgaon
Name of publisher, distributor, etc Macmillan
Date of publication, distribution, etc 2013
270 ## - ADDRESS
Address 3A, 4th Floor, DLF Corporate Park,
City Gurgaon
Postal code 122002
300 ## - PHYSICAL DESCRIPTION
Extent viii,222p.
Dimensions 20cm(pbk)
942 ## - ADDED ENTRY ELEMENTS (KOHA)
Source of classification or shelving scheme Dewey Decimal Classification
Item type English Books
Call number suffix RUP
Classification part S
Holdings
Withdrawn status Lost status Not for loan Collection code Home library Current library Date acquired Source of acquisition Cost, normal purchase price Full call number Barcode Copy number Cost, replacement price Koha item type
    Not For Loan Fiction D.B.Act.Division D.B.Act.Division 26/08/2013 DBAD / PUB 250.00 S RUP EN-91897 1 250.00 English Books

© Delhi Public Library
Hit Counter
free hit counter